header

possibilities (Record no. 254642)

MARC details
000 -LEADER
fixed length control field 00399nam a22001577a 4500
003 - CONTROL NUMBER IDENTIFIER
control field OSt
005 - DATE AND TIME OF LATEST TRANSACTION
control field 20160623161232.0
008 - FIXED-LENGTH DATA ELEMENTS--GENERAL INFORMATION
fixed length control field 160623b xxu||||| |||| 00| 0 eng d
020 ## - INTERNATIONAL STANDARD BOOK NUMBER
International Standard Book Number 1878787055
040 ## - CATALOGING SOURCE
Transcribing agency N/A
050 ## - LIBRARY OF CONGRESS CALL NUMBER
Classification number PN 6071
Item number .C3 1991
100 ## - MAIN ENTRY--PERSONAL NAME
Personal name mindy Blingham
245 ## - TITLE STATEMENT
Title possibilities
Remainder of title a supplemental anthology for career choices
260 ## - PUBLICATION, DISTRIBUTION, ETC. (IMPRINT)
Place of publication, distribution, etc Califonia
Name of publisher, distributor, etc knopf
942 ## - ADDED ENTRY ELEMENTS (KOHA)
Source of classification or shelving scheme Library of Congress Classification
Koha item type Long Loan Books
Holdings
Withdrawn status Lost status Source of classification or shelving scheme Damaged status Not for loan Collection code Home library Current library Shelving location Date acquired Total Checkouts Full call number Barcode Date last seen Price effective from Koha item type Date checked out
    Library of Congress Classification     Non-fiction Rongo University Library Rongo University Library General Stacks 23/06/2016   PN 6071 .C3 1991 201613061 23/06/2016 23/06/2016 Long Loan Books  
    Library of Congress Classification     Fiction Rongo University Library Rongo University Library General Stacks 25/07/2023 1 PN 6071 .C3 1991 20190360 10/06/2024 25/07/2023 Long Loan Books 15/05/2024

© 2026 Rongo University
Contact us: librarian | system librarian | Rongo university